Радиоэкологические проблемы бассейна р. Енисей; Радиоэкология XXI века

Podrobná bibliografie
Parent link:Радиоэкология XXI века.— 2012.— [С. 194-200]
Korporativní autor: Национальный исследовательский Томский политехнический университет (ТПУ) Институт природных ресурсов (ИПР) Кафедра геоэкологии и геохимии (ГЭГХ)
Další autoři: Атурова В. П., Домаренко В. А. Виктор Алексеевич, Рихванов Л. П. Леонид Петрович, Коваленко В. В., Куркатов С. В., Чечеткин В. А.
Shrnutí:Заглавие с экрана
Общий анализ динамики распределения треков по годичным кольцам показывает, что накопление делящихся радионуклидов в течение всего периода роста дерева происходило равномерно, каких-либо повышенных, относительно среднего уровня по всем годичным кольцам, концентраций не зафиксировано. На основании вышеизложенного, можно заключить, что f-радиографический анализ годичных колец позволил изучить особенности накопления определенной группы радионуклидов в древесине на территории проведения четырех подземных ядерных взрывов и выделить временные периоды их максимального поступления в окружающую среду на изучаемой территории.
Jazyk:ruština
Vydáno: 2012
Témata:
On-line přístup:http://elib.sfu-kras.ru/handle/2311/8952
Médium: MixedMaterials Elektronický zdroj Kapitola
KOHA link:https://koha.lib.tpu.ru/cgi-bin/koha/opac-detail.pl?biblionumber=642598

MARC

LEADER 00000naa0a2200000 4500
001 642598
005 20250604095148.0
035 |a (RuTPU)RU\TPU\network\7555 
035 |a RU\TPU\network\7554 
090 |a 642598 
100 |a 20150629d2012 k y0rusy50 ca 
101 0 |a rus 
102 |a RU 
135 |a drgn ---uucaa 
181 0 |a i  
182 0 |a b 
200 1 |a Радиоэкологические проблемы бассейна р. Енисей  |f В. П. Атурова [и др.] 
203 |a Текст  |c электронный 
300 |a Заглавие с экрана 
320 |a Библиогр.: с. 272 (6 назв.) 
330 |a Общий анализ динамики распределения треков по годичным кольцам показывает, что накопление делящихся радионуклидов в течение всего периода роста дерева происходило равномерно, каких-либо повышенных, относительно среднего уровня по всем годичным кольцам, концентраций не зафиксировано. На основании вышеизложенного, можно заключить, что f-радиографический анализ годичных колец позволил изучить особенности накопления определенной группы радионуклидов в древесине на территории проведения четырех подземных ядерных взрывов и выделить временные периоды их максимального поступления в окружающую среду на изучаемой территории. 
463 |t Радиоэкология XXI века  |o материалы Международной научно-практической конференции, Красноярск, 14-16 мая 2012 г.  |f Сибирский федеральный университет (СФУ)  |v [С. 194-200]  |d 2012 
610 1 |a электронный ресурс 
610 1 |a труды учёных ТПУ 
610 1 |a реки 
610 1 |a Енисей 
610 1 |a речные бассейны 
610 1 |a радиоэкология 
610 1 |a радиационная обстановка 
610 1 |a Россия 
701 1 |a Атурова  |b В. П. 
701 1 |a Домаренко  |b В. А.  |c геолог  |c доцент Томского политехнического университета, кандидат геолого-минералогических наук  |f 1947-  |g Виктор Алексеевич  |3 (RuTPU)RU\TPU\pers\26058 
701 1 |a Рихванов  |b Л. П.  |c геолог  |c профессор Томского политехнического университета, доктор геолого-минералогических наук  |c заслуженный геолог РФ  |c почетный работник высшего образования РФ  |f 1945-  |g Леонид Петрович  |3 (RuTPU)RU\TPU\pers\23187 
701 1 |a Коваленко  |b В. В. 
701 1 |a Куркатов  |b С. В. 
701 1 |a Чечеткин  |b В. А. 
712 0 2 |a Национальный исследовательский Томский политехнический университет (ТПУ)  |b Институт природных ресурсов (ИПР)  |b Кафедра геоэкологии и геохимии (ГЭГХ)  |3 (RuTPU)RU\TPU\col\18658 
801 2 |a RU  |b 63413507  |c 20150630  |g RCR 
850 |a 63413507 
856 4 |u http://elib.sfu-kras.ru/handle/2311/8952 
942 |c CF